02138nam a22001577a 4500999001900000008004100019100004900060245012700109260002800236300003200264520128100296650026101577773002801838942000701866952010701873 c530964d530964250722b ||||| |||| 00| 0 eng d aAnthony, Thalia and Hohmann, Jessie 955510 a Indigenous housing rights and colonial sovereignty: Self-determination and housing rights beyond a white possessive frame aSocial & Legal Studies  a34(3), Jun, 2025: p.339-360 aThrough the lens of Aileen Moreton-Robinson's ‘white possessive logics’, this article addresses a series of legal cases concerning inhumane Aboriginal housing in the Northern Territory of Australia. It critiques successive government policies in relation to First Nations people since the colonisation of the Northern Territory in the nineteenth century, setting the cases in their historical context of ongoing subordination of First Nations people to the interests of white possession of land and governance. We argue that domestic law pertaining to First Nations housing rights manifests white possessive logics. Such control can only be overcome through affording First Nations communities self-determination over housing in accordance with international law and First Nations claims. Self-determination and sovereignty are antidotes to the colonial histories that underlie inadequate housing for Indigenous peoples not only in Australia but across settler colonies. In developing this argument, we draw on international law and honour the advocacy of Northern Territory Aboriginal communities who have struggled for community-control over housing and homelands over successive generations.-Reproduced https://journals.sagepub.com/doi/full/10.1177/09646639241227120  a Housing, Self-determination, whiteness, Australian racism, First nations, Aboriginal, Indigenous, Northern territory intention, Social control, Human rights, Right to housing, United Nations declaration on the rights of indigenous peoples, UNDRIP. 955511 aSocial & Legal Studies  cAR 00102ddc40709406163aIIPAbIIPAd2025-07-22h34(3), Jun, 2025: p.339-360pAR136684r2025-07-22yAR